000 00329nam a22001457a 4500
008 221207b ||||| |||| 00| 0 eng d
020 _a9781284005455
041 _aeng
080 _a61
082 _a61MCK
100 _a4
101 _aMJK
245 _aHEALTH PROMOTION ACROSS THE LIFE SPAN
_cMCKENZIE F J
942 _2udc
_cBK
999 _c59118
_d59118